LIBRARY ONLINE CATALOGUE

Revision for the MRCP part 2 / (Record no. 10122)

MARC details
000 -LEADER
fixed length control field 00731cam a22002172 4500
001 - CONTROL NUMBER
control field 0000024010
005 - DATE AND TIME OF LATEST TRANSACTION
control field 20151217152254.0
008 - FIXED-LENGTH DATA ELEMENTS--GENERAL INFORMATION
fixed length control field 130425s xx 000 0 eng d
020 ## - INTERNATIONAL STANDARD BOOK NUMBER
International Standard Book Number 0702022446 :
040 ## - CATALOGING SOURCE
Original cataloging agency KABU
Transcribing agency KABU
100 1# - MAIN ENTRY--PERSONAL NAME
Personal name King, Debra.
-- 0000183849
245 10 - TITLE STATEMENT
Title Revision for the MRCP part 2 /
Statement of responsibility, etc. Debra King.data interpretation, case histories and photographic cases.
250 ## - EDITION STATEMENT
Edition statement 1st ed.
260 ## - PUBLICATION, DISTRIBUTION, ETC. (IMPRINT)
Place of publication, distribution, etc. London :
Name of publisher, distributor, etc. WB Saunders,
Date of publication, distribution, etc. 1999.
300 ## - PHYSICAL DESCRIPTION
Extent x, 252 p.
650 #0 - SUBJECT ADDED ENTRY--TOPICAL TERM
Topical term or geographic name as entry element Radiography, Medical
General subdivision Examinations, questions, etc.
-- 0000183793
650 #0 - SUBJECT ADDED ENTRY--TOPICAL TERM
Topical term or geographic name as entry element Radiography, Medical
General subdivision Case studies.
-- 0000183794
852 1# - LOCATION
-- p400 KES
908 ## - PUT COMMAND PARAMETER (RLIN)
Put command parameter 130425
950 ## - LOCAL HOLDINGS (RLIN)
-- 1
Holdings
Withdrawn status Lost status Source of classification or shelving scheme Not for loan Home library Current library Date acquired Total Checkouts Full call number Barcode Date last seen Date last checked out Price effective from Koha item type
    Library of Congress Classification   Kabarak, Main Campus Kabarak, Main Campus 17/12/2015 1 RC78.15 .K56 1999 c. 1 015057 26/05/2026 20/05/2026 17/12/2015 General Collection